000
00303nam a22001217a 4500
008
180512b xxu||||| |||| 00| 0 eng d
041
_a
eng
080
_a
043.3
100
_a
0
101
_a
MBE-BA
245
_a
"Cikli i Jetegjatesise se Produktit - Sektori i Sherbimeve"
_c
Berisha, D
942
_2
udc
_c
BK
999
_c
45725
_d
45725